000 00546nam a2200181 i 4500
001 67772
003 ES-MaACL
005 20230906170139.0
007 t|
008 040205s1910 ec ||||1| spa d
100 1 _aGálvez, Juan Ignacio.
_953709
245 1 0 _aDomingueras
_b: (costumbres sur-americanas) /
_cJuan Ignacio Gávez, Gig. Gómez ; prólogo de L.E. Escudero.
260 _aQuito :
_b[s.n.,
_c1910]
300 _a255 p. ;
_c19 cm.
700 1 _aEscudero, L. E.
_947688
700 1 _aGómez, Gig.
_957762
852 _aES-MaACL
_jA-4073
999 _c67772
_d67772